Central Library and Information Centre
Sibsagar Girls' College, Sivasagar : Assam

ENVIRONMENTAL CHEMISTRY (Record no. 6537)

MARC details
000 -LEADER
fixed length control field 00403cam a2200169ua 4500
008 - FIXED-LENGTH DATA ELEMENTS--GENERAL INFORMATION
fixed length control field 120421n1994 II |||gr||||Z||||||eng
040 ## - CATALOGING SOURCE
Original cataloging agency MAIN
041 ## - LANGUAGE CODE
-- English
082 ## - DEWEY DECIMAL CLASSIFICATION NUMBER
Classification number 540 DEY
100 ## - MAIN ENTRY--PERSONAL NAME
Personal name DEY, A. K.
245 ## - TITLE STATEMENT
Title ENVIRONMENTAL CHEMISTRY
260 ## - PUBLICATION, DISTRIBUTION, ETC.
Place of publication, distribution, etc. MEERUT
Name of publisher, distributor, etc. KRISHNA PRAKASHAN MANDIR
Date of publication, distribution, etc. 1994
300 ## - PHYSICAL DESCRIPTION
Extent 364:
Dimensions 22CM.
942 ## - ADDED ENTRY ELEMENTS (KOHA)
Koha item type Books
653 ## - INDEX TERM--UNCONTROLLED
Uncontrolled term Chemistry & allied sciences
Holdings
Withdrawn status Lost status Damaged status Not for loan Collection code Home library Current library Shelving location Date acquired Full call number Barcode Date last seen Copy number Price effective from Koha item type Public note
        Environmental science Central Library and Information Centre Sibsagar Girls College Central Library and Information Centre Sibsagar Girls College Environmental Sc Rack 05.02.1997 540 DEY 14387 27.02.2020 1 27.02.2020 Books V


Sibsagar Girl's College © 2020. All rights reserved.
Powered by Koha.
Maintained by Abhijit Borpuzari.